| 000 | 01340cam a2200433 a 4500 | ||
|---|---|---|---|
| 008 | 830809s1983 ja a e 001 0 eng | ||
| 010 | _a 83080778 | ||
| 020 |
_a0870116207 (U.S. : set) : _c$550.00 |
||
| 020 | _z0870116207 (sET) | ||
| 020 | _z0870116215 (U.S. : v. 1) | ||
| 020 | _z0870116223 (U.S. : v. 2) | ||
| 020 | _z0870116231 (U.S. : v. 3) | ||
| 020 | _z087011624X (U.S. : v. 4) | ||
| 020 | _z0870116258 (U.S. : v. 5) | ||
| 020 | _z0870116266 (U.S. : v. 6) | ||
| 020 | _z0870116274 (U.S. : v. 7) | ||
| 020 | _z0870116282 (U.S. : v. 8) | ||
| 020 | _z0870116290 (U.S. : v. 9) | ||
| 020 | _z0870118145 (Supplement) | ||
| 040 |
_aDLC _cDLC _dDLC |
||
| 043 | _aa-ja--- | ||
| 050 | 0 | 0 |
_aDS805 _b.K633 1983 |
| 082 | 0 | 0 |
_a952.00321 _219 |
| 092 | 0 | 4 |
_a952.00321 _bK769 1983 _221 |
| 099 |
_a04 _a952.00321 K769 1983 |
||
| 245 | 0 | 0 | _aKodansha encyclopedia of Japan. |
| 250 | _a1st ed. | ||
| 260 |
_aTokyo ; _aNew York, N.Y. : _bKodansha, _c1983. |
||
| 300 |
_a9 v. : _bill. ; _c29 cm.+ 1(Supplement) |
||
| 500 | _aIncludes index. | ||
| 651 | 0 |
_aJapan _xEncyclopedias. |
|
| 710 | 2 | _aKodansha. | |
| 740 | 0 | _aEncyclopedia of Japan. | |
| 902 | _a1 | ||
| 905 |
_aEman _eRev. |
||
| 905 |
_aJamal _eCat. |
||
| 942 |
_2ddc _cBK |
||
| 999 |
_c135397 _d135397 |
||